000 00413nam a2200181Ia 4500
001 10535
005 20260306161839.0
008 260306t1997||||xx |||||||||||||| ||spa||
041 _aESP
082 _a940.2
_bF97
100 _aFuret, Francois
_eAUT
245 0 _aEl hombre romántico
260 _c1997
300 _a322 páginas :
_c22 cm.
650 _aGEN
654 _aCHU
942 _cLIB
_dJUS
_fJUS
_2ddc
_n
999 _c10535
_d10535